<?xml version="1.0" encoding="UTF-8"?>
<record
    xmlns:xsi="http://www.w3.org/2001/XMLSchema-instance"
    xsi:schemaLocation="http://www.loc.gov/MARC21/slim http://www.loc.gov/standards/marcxml/schema/MARC21slim.xsd"
    xmlns="http://www.loc.gov/MARC21/slim">

  <leader>00326nam a2200133Ia 4500</leader>
  <controlfield tag="008">191201s2010    xx            000 0 und d</controlfield>
  <datafield tag="100" ind1=" " ind2=" ">
    <subfield code="a">KANETKAR, Yashavant</subfield>
  </datafield>
  <datafield tag="245" ind1=" " ind2="0">
    <subfield code="a">Data Structure Through C</subfield>
  </datafield>
  <datafield tag="250" ind1=" " ind2=" ">
    <subfield code="a">Rep</subfield>
  </datafield>
  <datafield tag="260" ind1=" " ind2=" ">
    <subfield code="a">N.Delhi</subfield>
    <subfield code="b">BPB Publication</subfield>
    <subfield code="c">2010</subfield>
  </datafield>
  <datafield tag="300" ind1=" " ind2=" ">
    <subfield code="a">647</subfield>
  </datafield>
  <datafield tag="650" ind1=" " ind2=" ">
    <subfield code="a">B.Tech(CSE)</subfield>
  </datafield>
  <datafield tag="942" ind1=" " ind2=" ">
    <subfield code="2">ddc</subfield>
    <subfield code="c">BK</subfield>
    <subfield code="0">22</subfield>
  </datafield>
  <datafield tag="999" ind1=" " ind2=" ">
    <subfield code="c">4026</subfield>
    <subfield code="d">4026</subfield>
  </datafield>
  <datafield tag="952" ind1=" " ind2=" ">
    <subfield code="0">0</subfield>
    <subfield code="1">0</subfield>
    <subfield code="2">ddc</subfield>
    <subfield code="4">0</subfield>
    <subfield code="7">0</subfield>
    <subfield code="8">BTECHCSE</subfield>
    <subfield code="a">PIET</subfield>
    <subfield code="b">PIET</subfield>
    <subfield code="d">2009-07-21</subfield>
    <subfield code="e">J B C, New Delhi</subfield>
    <subfield code="g">240.00</subfield>
    <subfield code="k">SI-1506</subfield>
    <subfield code="l">7</subfield>
    <subfield code="o">005.133 KAD</subfield>
    <subfield code="p">12966</subfield>
    <subfield code="r">2024-02-26 00:00:00</subfield>
    <subfield code="s">2024-02-13</subfield>
    <subfield code="w">2009-07-14</subfield>
    <subfield code="y">BK</subfield>
  </datafield>
  <datafield tag="952" ind1=" " ind2=" ">
    <subfield code="0">0</subfield>
    <subfield code="1">0</subfield>
    <subfield code="2">ddc</subfield>
    <subfield code="4">0</subfield>
    <subfield code="7">0</subfield>
    <subfield code="8">BTECHCSE</subfield>
    <subfield code="a">PIET</subfield>
    <subfield code="b">PIET</subfield>
    <subfield code="d">2009-07-21</subfield>
    <subfield code="e">J B C, New Delhi</subfield>
    <subfield code="g">240.00</subfield>
    <subfield code="k">SI-1506</subfield>
    <subfield code="l">2</subfield>
    <subfield code="o">005.133 KAD</subfield>
    <subfield code="p">12967</subfield>
    <subfield code="r">2024-07-24 00:00:00</subfield>
    <subfield code="s">2024-03-05</subfield>
    <subfield code="w">2009-07-14</subfield>
    <subfield code="y">BK</subfield>
  </datafield>
  <datafield tag="952" ind1=" " ind2=" ">
    <subfield code="0">0</subfield>
    <subfield code="1">0</subfield>
    <subfield code="2">ddc</subfield>
    <subfield code="4">0</subfield>
    <subfield code="7">0</subfield>
    <subfield code="8">BTECHCSE</subfield>
    <subfield code="a">PIET</subfield>
    <subfield code="b">PIET</subfield>
    <subfield code="d">2009-07-21</subfield>
    <subfield code="e">J B C, New Delhi</subfield>
    <subfield code="g">240.00</subfield>
    <subfield code="k">SI-1506</subfield>
    <subfield code="l">10</subfield>
    <subfield code="o">005.133 KAD</subfield>
    <subfield code="p">12968</subfield>
    <subfield code="r">2024-03-05 00:00:00</subfield>
    <subfield code="s">2024-02-26</subfield>
    <subfield code="w">2009-07-14</subfield>
    <subfield code="y">BK</subfield>
  </datafield>
  <datafield tag="952" ind1=" " ind2=" ">
    <subfield code="0">0</subfield>
    <subfield code="1">0</subfield>
    <subfield code="2">ddc</subfield>
    <subfield code="4">0</subfield>
    <subfield code="7">0</subfield>
    <subfield code="8">BTECHCSE</subfield>
    <subfield code="a">PIET</subfield>
    <subfield code="b">PIET</subfield>
    <subfield code="d">2009-07-21</subfield>
    <subfield code="e">J B C, New Delhi</subfield>
    <subfield code="g">240.00</subfield>
    <subfield code="k">SI-1506</subfield>
    <subfield code="l">10</subfield>
    <subfield code="o">005.133 KAD</subfield>
    <subfield code="p">12969</subfield>
    <subfield code="r">2023-08-31 00:00:00</subfield>
    <subfield code="s">2023-08-22</subfield>
    <subfield code="w">2009-07-14</subfield>
    <subfield code="y">BK</subfield>
  </datafield>
  <datafield tag="952" ind1=" " ind2=" ">
    <subfield code="0">0</subfield>
    <subfield code="1">0</subfield>
    <subfield code="2">ddc</subfield>
    <subfield code="4">0</subfield>
    <subfield code="7">0</subfield>
    <subfield code="8">BTECHCSE</subfield>
    <subfield code="a">PIET</subfield>
    <subfield code="b">PIET</subfield>
    <subfield code="d">2009-07-21</subfield>
    <subfield code="e">J B C, New Delhi</subfield>
    <subfield code="g">240.00</subfield>
    <subfield code="k">SI-1506</subfield>
    <subfield code="l">8</subfield>
    <subfield code="o">005.133 KAD</subfield>
    <subfield code="p">12970</subfield>
    <subfield code="r">2023-10-03 00:00:00</subfield>
    <subfield code="s">2023-09-22</subfield>
    <subfield code="w">2009-07-14</subfield>
    <subfield code="y">BK</subfield>
  </datafield>
</record>
